<?xml version="1.0" encoding="UTF-8"?>
<record
    xmlns:xsi="http://www.w3.org/2001/XMLSchema-instance"
    xsi:schemaLocation="http://www.loc.gov/MARC21/slim http://www.loc.gov/standards/marcxml/schema/MARC21slim.xsd"
    xmlns="http://www.loc.gov/MARC21/slim">

  <leader>00928nam a22002057a 4500</leader>
  <controlfield tag="003">BDDh-ASL</controlfield>
  <controlfield tag="005">20240925103808.0</controlfield>
  <controlfield tag="008">230403s2024    b  ||||| |||| 00| 0 b   d</controlfield>
  <datafield tag="040" ind1=" " ind2=" ">
    <subfield code="c">BDDh-ASL</subfield>
  </datafield>
  <datafield tag="041" ind1=" " ind2=" ">
    <subfield code="a">bengali </subfield>
  </datafield>
  <datafield tag="082" ind1=" " ind2=" ">
    <subfield code="a">930.1</subfield>
    <subfield code="b">ISB</subfield>
  </datafield>
  <datafield tag="100" ind1="1" ind2=" ">
    <subfield code="a">&#x987;&#x9B8;&#x9B2;&#x9BE;&#x9AE;, &#x9AE;&#x9CB;&#x983; &#x9B6;&#x9B0;&#x9BF;&#x9AB;&#x9C1;&#x9B2;</subfield>
    <subfield code="9">8049</subfield>
  </datafield>
  <datafield tag="245" ind1="1" ind2=" ">
    <subfield code="a">&#x9AC;&#x9BE;&#x999;&#x9B2;&#x9BE;&#x9B0; &#x9AA;&#x9CD;&#x9B0;&#x9BE;&#x99A;&#x9C0;&#x9A8; &#x9AE;&#x9C1;&#x9A6;&#x9CD;&#x9B0;&#x9BE;&#x9B0; &#x9B2;&#x9C7;&#x996; / </subfield>
  </datafield>
  <datafield tag="246" ind1=" " ind2=" ">
    <subfield code="a">Banglar Prachin Mudrar Lekh.</subfield>
  </datafield>
  <datafield tag="260" ind1=" " ind2=" ">
    <subfield code="a">&#x9A2;&#x9BE;&#x995;&#x9BE;: </subfield>
    <subfield code="b">&#x9A6;&#x9BE;&#x9AE;&#x9BF;&#x9A8;&#x9C0; &#x9AA;&#x9CD;&#x9B0;&#x995;&#x9BE;&#x9B6;, </subfield>
    <subfield code="c">&#x9E8;&#x9E6;&#x9E8;&#x9EA;&#x964; </subfield>
  </datafield>
  <datafield tag="300" ind1=" " ind2=" ">
    <subfield code="a">&#x9E9;&#x9E8; &#x9AA;&#x9C3;&#x9B7;&#x9CD;&#x9A0;&#x9BE;: </subfield>
    <subfield code="c">&#x9E8;&#x9EB; &#x9B8;&#x9C7;.&#x9AE;&#x9BF;. </subfield>
  </datafield>
  <datafield tag="504" ind1=" " ind2=" ">
    <subfield code="a">&#x997;&#x9CD;&#x9B0;&#x9A8;&#x9CD;&#x9A5;&#x9AA;&#x99E;&#x9CD;&#x99C;&#x9BF; &#x9B8;&#x982;&#x9AF;&#x9C1;&#x995;&#x9CD;&#x9A4; &#x964;</subfield>
  </datafield>
  <datafield tag="650" ind1=" " ind2="0">
    <subfield code="a">Mudr&#x101;  currency  &#x9AE;&#x9C1;&#x9A6;&#x9CD;&#x9B0;&#x9BE;, &#x9AA;&#x9CD;&#x9B0;&#x99A;&#x9B2;&#x9A8;, &#x99A;&#x9B2;&#x9A8;, &#x99A;&#x9B2;, &#x9B0;&#x9C7;&#x9A4;&#x9CD;&#x9A4;&#x9AF;&#x9BC;&#x9BE;&#x99C;&#x9AE;&#x9C1;&#x9A6;&#x9CD;&#x9B0;&#x9BE;, &#x99F;&#x999;&#x9CD;&#x995;, &#x995;&#x9AF;&#x9BC;&#x9C7;&#x9A8;&#x99F;&#x9BE;&#x995;&#x9BE;, &#x985;&#x9B0;&#x9CD;&#x9A5;, &#x9AE;&#x9C1;&#x9A6;&#x9CD;&#x9B0;&#x9BE;, Coin, </subfield>
    <subfield code="9">7852</subfield>
  </datafield>
  <datafield tag="942" ind1=" " ind2=" ">
    <subfield code="2">ddc</subfield>
    <subfield code="c">BK</subfield>
  </datafield>
  <datafield tag="952" ind1=" " ind2=" ">
    <subfield code="0">0</subfield>
    <subfield code="1">0</subfield>
    <subfield code="2">ddc</subfield>
    <subfield code="4">0</subfield>
    <subfield code="7">0</subfield>
    <subfield code="8">NFIC</subfield>
    <subfield code="a">ASL</subfield>
    <subfield code="b">ASL</subfield>
    <subfield code="c">GEN</subfield>
    <subfield code="d">2024-09-25</subfield>
    <subfield code="e">Purchased Book, 2024</subfield>
    <subfield code="l">0</subfield>
    <subfield code="o">930.1 ISB</subfield>
    <subfield code="p">125541</subfield>
    <subfield code="r">2024-09-25 00:00:00</subfield>
    <subfield code="t">C-1</subfield>
    <subfield code="w">2024-09-25</subfield>
    <subfield code="y">BK</subfield>
    <subfield code="z">Y-2024</subfield>
  </datafield>
  <datafield tag="952" ind1=" " ind2=" ">
    <subfield code="0">0</subfield>
    <subfield code="1">0</subfield>
    <subfield code="2">ddc</subfield>
    <subfield code="4">0</subfield>
    <subfield code="7">0</subfield>
    <subfield code="8">NFIC</subfield>
    <subfield code="a">ASL</subfield>
    <subfield code="b">ASL</subfield>
    <subfield code="c">GEN</subfield>
    <subfield code="d">2024-09-25</subfield>
    <subfield code="e">Complimentary</subfield>
    <subfield code="l">0</subfield>
    <subfield code="o">930.1 ISB</subfield>
    <subfield code="p">125542</subfield>
    <subfield code="r">2024-09-25 00:00:00</subfield>
    <subfield code="t">C-2</subfield>
    <subfield code="w">2024-09-25</subfield>
    <subfield code="y">BK</subfield>
    <subfield code="z">Y-2024</subfield>
  </datafield>
  <datafield tag="999" ind1=" " ind2=" ">
    <subfield code="c">34555</subfield>
    <subfield code="d">34555</subfield>
  </datafield>
</record>
